philly lingo hype quiz - Statistics

General Stats
  • This quiz has been taken 40 times
  • The average score is 4 of 9
Answer Stats
Hint Answer % Correct
jawn thing
76%
fym fuck you mean
70%
fym fuck you mean
70%
Youse guys you guys
67%
oh ard oh alright
61%
crick creek
52%
rr real rap
18%
drawling unreasonable
3%
the Huss women, bitches, hoes, girls
0%
No matching quizzes found
Score Distribution
Percent of People with Each Score
Percentile by Number Answered
Your Score History
You have not taken this quiz